000 00642nam a2200193 i 4500
001 67323
003 ES-MaACL
005 20230906170037.0
007 t|
008 040518s2001 bo ||||1| spa d
080 _a821.134.2(72) Castellanos, Rosario 1.06
100 1 _aParada de Brown, Lydia.
_988907
245 1 3 _aEl problema del indio en la sensibilidad lĂ­rica de Rosario Castellanos /
_cpor Lidia Parada de Brown.
260 _a[Bolivia :
_bs.n.,
_c2001 ?]
300 _a130 p. :
_bil. ;
_c21 cm.
600 0 4 _a Castellanos, Rosario,
_d1925-1974
_936537
852 _aES-MaACL
_jL-27564
_bR.133086
999 _c67323
_d67323